Statistiques concernant Hazbin Hotel et Helluva Boss personnages

Cliquez ici pour prendre le quiz!

Statistiques générales

  • Ce quiz a été pris 368 fois
  • Le résultat moyen est 33 sur 115

Statistiques - réponses

IndiceRéponse% Correct
Hazbin HotelCharlie Morningstar
97%
Hazbin HotelAlastor
95%
Souverain de l'EnferLucifer Morningstar
95%
Hazbin HotelAngel Dust
93%
Hazbin HotelVaggie
92%
ExorcisteAdam
88%
Hazbin HotelHusk
88%
OverlordValentino
85%
OverlordVox
84%
Souverain de l'EnferLilith
83%
Hazbin HotelNiffty
83%
SéraphinSera
78%
Hazbin HotelSir Pentious
76%
ExorcisteLute
73%
OverlordVelvette
72%
SéraphinEmily
71%
I.M.P.Blitzo
67%
OverlordCarmilla Carmine
67%
OverlordRosie
65%
I.M.P.Loona
64%
GoétiqueStolas
64%
OverlordZestial
62%
I.M.P.Millie
59%
I.M.P.Moxxie
58%
Sept Péchés CapitauxAsmodeus
54%
Démon de l'EnferKat
51%
Démon de l'EnferFizzarolli
50%
PécheurCherri Bomb
48%
Sept Péchés CapitauxMammon
45%
PécheurMimzy
45%
666 NewsTom Trench
45%
666 NewsKatie Killjoy
43%
GoétiqueOctavia
43%
GoétiqueStella
43%
Ancienne HumaineEve
41%
Hazbin HotelDazzle
39%
Hazbin HotelFat Nuggets
39%
Hazbin HotelRazzle
39%
Sept Péchés CapitauxSatan
36%
Démon de l'EnferStriker
34%
Démon de l'EnferVerosika Mayday
33%
Sept Péchés CapitauxBeelzebub
31%
AngeMolly
29%
Hazbin HotelEgg Boiz
28%
AngeSt. Peter
28%
Démon de l'EnferVortex
28%
Hazbin HotelKeeKee
26%
PécheurSusan
26%
GoétiquePaimon
24%
Sept Péchés CapitauxLeviathan
21%
GoétiqueAndrealphus
20%
Démon de l'EnferCrimson
20%
Hazbin HotelFrank
20%
Sept Péchés CapitauxBelphegor
19%
RobotRobo Fizz
18%
D.H.O.R.K.S.Agent One
17%
D.H.O.R.K.S.Agent Two
17%
ChérubinCletus
16%
ChérubinCollin
14%
ChérubinKeenie
13%
HumainMartha
13%
PécheurTravis
13%
Démon de l'EnferBarbie Wire
12%
PécheurBaxter
12%
Démon de l'EnferChazwick Thurman
12%
Famille d'OverlordClara
12%
PécheurArackniss
11%
HumainEddie
10%
Démon de l'EnferJoe
10%
PécheurRoo
10%
Démon de l'EnferSallie May
10%
Famille d'OverlordSeviathan von Eldritch
10%
Démon de l'EnferGlam
9%
Famille d'OverlordOdette
9%
HumainRalphie
9%
Démon de l'EnferTilla
9%
ChérubinDeerie
8%
Démon de l'EnferGlitz
8%
Démon de l'EnferLin
8%
Démon de l'EnferLoo Loo
8%
OverlordZeezi
8%
Démon de l'EnferCash Buckzo
6%
PécheurCrymini
6%
PécheurDia
6%
PécheurHenroin
6%
Démon de l'EnferKiki
6%
PécheurLoopty Goopty
6%
PécheurLyle Lipton
6%
PécheurMrs. Mayberry
6%
PécheurSummer
6%
ChérubinBea
5%
OverlordFrederick von Eldritch
5%
Famille d'OverlordHelsa von Eldritch
5%
Démon de l'EnferWally Wackford
5%
ChérubinBeau
4%
OverlordBethesda von Eldritch
3%
666 NewsJeffrey
3%
ChérubinRachel
3%
AnimalVark
3%
Démon de l'EnferAlessio
2%
AnimalBombproof
2%
PécheurFranklin
2%
ChérubinHoney
2%
AnimalQueef
2%
Démon de l'EnferAce
1%
Démon de l'EnferApple
1%
RobotBig Woobly
1%
Démon de l'EnferBurnie Burnz
1%
AnimalCatfish Monster
1%
Démon de l'EnferCoco
1%
HumainCounselor Jimmy
1%
PécheurIzzi
1%
Démon de l'EnferJosh
1%
PécheurVilla
1%
Démon de l'EnferMilky
0%

Distribution des résultats

Percentile par nombre de réponses

% des personnes avec chaque résultat

Votre développement - résultats

Vous n’avez pas pris ce quiz